00482nam a22001457a 4500003000900000005001700009008004800026040002200074100004600096245005300142260005100195300003000246490002900276830003100305DO-SdBNP20180124103936.0151211b 1977 sp xxu||||| |||| 00| 0 spa d aBPMSUbspacBPMSU1 aBallesteros Gaibrois, Manuel,d1911-2002.10aDiego de Almagro /cManuel Ballesteros Gaibrois. aMadrid : b Publicaciones Españolas, c1977. a97 p. : bil. ; c17 cm. 1 aTemas españolesv; 545 0aTemas españoles n; 545)